King of the fall lyrics part 2 - The Weeknd - Statistics

General Stats
  • This quiz has been taken 5 times
  • The average score is 393 of 494
Answer Stats
Answer % Correct
a
100%
back
100%
Fall
100%
fuck
100%
I
100%
I'm
100%
I'ma
100%
it
100%
make
100%
on
100%
swallow
100%
the
100%
up
100%
against
75%
ain't
75%
all
75%
and
75%
Apollo
75%
are
75%
around
75%
ask
75%
at
75%
attached
75%
baby
75%
bad
75%
be
75%
been
75%
bet
75%
birthday
75%
birthplace
75%
bitch
75%
bottles
75%
boy
75%
break
75%
bring
75%
broke
75%
business
75%
but
75%
can
75%
can't
75%
cash
75%
'cause
75%
city
75%
come
75%
complimentin'
75%
cop
75%
dark
75%
debts
75%
did
75%
do
75%
Doc
75%
doing
75%
down
75%
downtown
75%
every
75%
fell
75%
few
75%
first
75%
floor
75%
for
75%
from
75%
funny
75%
getting
75%
girl
75%
give
75%
go
75%
gon'
75%
gone
75%
good
75%
ground
75%
had
75%
he
75%
hella
75%
her
75%
here
75%
hoes
75%
I'd
75%
if
75%
in
75%
invested
75%
is
75%
it's
75%
I've
75%
Jackson
75%
Jones
75%
just
75%
kid
75%
know
75%
land
75%
last
75%
like
75%
love
75%
making
75%
man
75%
me
75%
mentor
75%
Michael
75%
might
75%
mine
75%
mix
75%
money
75%
months
75%
more
75%
motherfucker
75%
motherfuckers
75%
my
75%
never
75%
new
75%
next
75%
nigga
75%
niggas
75%
nobody
75%
nothing
75%
now
75%
O2
75%
of
75%
off
75%
offendin'
75%
only
75%
out
75%
overseas
75%
owe
75%
own
75%
pace
75%
packaged
75%
paper
75%
passed
75%
past
75%
pay
75%
personal
75%
place
75%
popping
75%
pour
75%
pussy
75%
Queen
75%
Quincy
75%
reason
75%
right
75%
road
75%
said
75%
say
75%
seats
75%
shake
75%
she
75%
shit
75%
shout
75%
show
75%
shows
75%
since
75%
skin
75%
slow
75%
sober
75%
sold
75%
some
75%
sound
75%
soundin'
75%
stage
75%
stop
75%
Street
75%
streets
75%
stressing
75%
sunny
75%
take
75%
ten
75%
than
75%
that
75%
that's
75%
their
75%
them
75%
then
75%
these
75%
they
75%
this
75%
three
75%
through
75%
Thursday
75%
time
75%
to
75%
touch
75%
tour
75%
trained
75%
tryna
75%
us
75%
wasting
75%
we
75%
what
75%
when
75%
while
75%
whips
75%
why
75%
with
75%
word
75%
XO
75%
year
75%
you
75%
young
75%
your
75%
bread
50%
Stix
50%
liquor
25%
No matching quizzes found
Score Distribution
Percent of People with Each Score
Percentile by Number Answered
Your Score History
You have not taken this quiz